000 04049nam a22004577a 4500
005 20091214152441.0
008 091214t xxu||||| |||| 00| 0 eng d
020 _a9780439999397
_c250.00
035 _aB-389878-895
037 _bScholastic
040 _adpl
_bEnglish
082 _a973
100 _aDeary, Terry
_99004
245 _aThe USA /
_cby Terry Deary; illustrated by Martin Brown
260 _aLondon
_bScholastic Children Books
_c2001
270 _aEuston House, 24 Eversholt Street,
_bLondon
300 _a192p.:
_bill.
_c21cm(pbk)
490 _aHorrible histories
_99005
500 _aIncludes index
700 _aBrown, Martin
_99006
942 _2ddc
_cCH
_mDEA
_h973
999 _c32797
_d32797